| 000 | 00699cam a22002053a 4500 | ||
|---|---|---|---|
| 001 | 39988 | ||
| 003 | PGUSA | ||
| 005 | 20140828083906.0 | ||
| 008 | 120613s2012||||xxu|||||s|||||000 | eng d | ||
| 040 |
_aPGUSA _beng |
||
| 042 | _adc | ||
| 100 | 1 |
_aDe Gubernatis, Angelo, _d1840-1913 |
|
| 245 | 1 | 0 |
_aStoria comparata degli usi nuziali in Italia e presso gli altri popoli indo-europei : _bSeconda edizione riveduta e ampliata dall'autore _h[electronic resource] / _cAngelo De Gubernatis |
| 260 |
_bProject Gutenberg, _c2012 |
||
| 506 | _aPublic domain in the USA. | ||
| 516 | _aElectronic text | ||
| 830 | 0 |
_aProject Gutenberg _v39988 |
|
| 856 | 4 | 0 | _uhttp://www.gutenberg.org/ebooks/39988 |
| 942 | _cEB | ||
| 999 |
_c269241 _d269241 |
||